LEADER 01023cam0 2200289 450 001 E600200011021 005 20210503082404.0 100 $a20050621d2003 |||||ita|0103 ba 101 $aita 102 $aIT 200 1 $aMicroeconomia$fRobert H.Frank$ged.italiana a cura di Gilberto Turati 205 $a3 ed. 210 $aMilano$cMcGraw-Hill$d2003 215 $aXIV, 584 p.$cill.$d26 cm. 225 2 $aCollana di istruzione scientifica$hSerie economia 410 1$1001LAEC00022862$12001 $a*Collana di istruzione scientifica. Serie economia 700 1$aFrank$b, Robert H.$3AF00005572$4070$0103342 702 1$aTurati, Gilberto$3A600200031327$4070 801 0$aIT$bUNISOB$c20210503$gRICA 850 $aUNISOB 852 $aUNISOB$j330$m126183 912 $aE600200011021 940 $aM 102 Monografia moderna SBN 941 $aM 957 $a330$b001455$gSI$d126183$racquisto$1pomicino$2UNISOB$3UNISOB$420050621124755.0$520210503082354.0$6Alfano 996 $aMicroeconomics and behavior$924711 997 $aUNISOB LEADER 01395nam 2200337Ia 450 001 996386450803316 005 20221108053250.0 035 $a(CKB)1000000000619406 035 $a(EEBO)2240886468 035 $a(OCoLC)52528750 035 $a(EXLCZ)991000000000619406 100 $a20030701d1649 uy 0 101 0 $aeng 135 $aurbn||||a|bb| 200 10$aCertaine papers$b[electronic resource] $ewhich passed betwixt his Majestie of Great Britaine, in the time of his being with the Scottish army in New-Castle. And Mr. Alexander Henderson concerning the change of church government. Anno Dom. 1646 210 $aHaghe $cPrinted by Samuel Broun, English booke-seller dwelling in the Achterom, at the signe of the English Printing House$dM. D. C. XLIX [i.e. 1649] 215 $a[4], 59, [1] p 300 $aWith final errata leaf. 300 $aReproduction of the original in the National Library of Scotland. 330 $aeebo-0097 606 $aChurch polity$vEarly works to 1800 607 $aGreat Britain$vHistory$yCivil War, 1642-1649$xReligious aspects$vEarly works to 1800 615 0$aChurch polity 700 $aCharles$cKing of England,$f1600-1649.$0793295 701 $aHenderson$b Alexander$f1583?-1646.$01003757 801 0$bEAE 801 1$bEAE 906 $aBOOK 912 $a996386450803316 996 $aCertaine papers$92304982 997 $aUNISA LEADER 04091nam 2200757 450 001 9910825415603321 005 20230807212308.0 010 $a3-11-055401-1 010 $a3-11-039569-X 010 $a3-11-030066-4 024 7 $a10.1515/9783110300666 035 $a(CKB)3710000000323505 035 $a(EBL)976717 035 $a(SSID)ssj0001435390 035 $a(PQKBManifestationID)11800075 035 $a(PQKBTitleCode)TC0001435390 035 $a(PQKBWorkID)11428622 035 $a(PQKB)10517194 035 $a(MiAaPQ)EBC976717 035 $a(DE-B1597)179288 035 $a(OCoLC)900027086 035 $a(DE-B1597)9783110300666 035 $a(Au-PeEL)EBL976717 035 $a(CaPaEBR)ebr11006456 035 $a(CaONFJC)MIL808086 035 $a(EXLCZ)993710000000323505 100 $a20150128h20152015 uy 0 101 0 $aeng 135 $aur|nu---|u||u 181 $ctxt 182 $cc 183 $acr 200 10$aNazi Crimes against Jews and German post-war justice $ethe West German judicial system during allied occupation (1945-1949) /$fEdith Raim 210 1$aBerlin, Germany :$cDe Gruyter Oldenbourg,$d2015. 210 4$dİ2015 215 $a1 online resource (346 p.) 225 1 $aNew Perspectives on Modern Jewish History,$x2192-9645 ;$vVolume 3 300 $aIncludes indexes. 311 $a3-11-030067-2 311 $a3-11-030057-5 327 $tFront matter --$tForeword --$tTable of Contents --$tIntroduction --$tThe Legal Divisions of the Western Allies --$tThe Re-opening of German Courts and the German Administration of Justice --$tPhysical Conditions for the Reconstruction of Courts --$tThe German Administration of Justice at Work --$tDenazification and Personnel Politics --$tCriticism of the German Administration of Justice --$tSummary --$tThe Western Allies and the Prosecution of Nazi Crimes --$tThe Phase-out of Allied Trials and Transfer to German Prosecution --$tSummary --$tThe Reconstruction of Nazi Crimes Against Jews --$tThe Prosecution of the Pogrom --$tThe Prosecution of the Deportations --$tSummary and Outlook --$tConclusion --$tAppendix --$tIndex of Names --$tIndex of Places 330 $aOf all victims of Nazi persecution, German Jews had to suffer the Nazi yoke for the longest time. Throughout the Third Reich, they were exposed to anti-Jewish propaganda, discrimination, anti-Semitic laws and increasingly to outrages and offences by non-Jewish Germans. While the International Military Tribunal and the subsequent American Military Tribunals at Nuremberg dealt with a variety of Nazi crimes according to international law, these courts did not consider themselves cognizant in adjudicating wrongdoings against German citizens and those who lost German citizenship based on the so-called ?Nuremberg laws,? such as Germany?s Jews. Until recently, scholarship failed to explore this task of the German judiciary in more detail. Edith Raim fills this gap by showing the extent of the crimes committed against Jews beyond the traditionally known facts and by elucidating how the West German administration of justice was reconstructed under Allied supervision. 410 0$aNew perspectives on modern Jewish history ;$vVolume 3. 606 $aJews$xPersecutions$zGermany$xHistory$y20th century 606 $aHolocaust, Jewish (1935-1945) 606 $aJustice, Administration of$zGermany$xHistory$y20th century 607 $aEurope$2fast 607 $aGermany$2fast 607 $aGermany (West)$2fast 607 $aDeutschland$2gnd 610 $aGerman Jews. 610 $aGerman judiciary. 610 $aThe Allies. 610 $athe Holocaust. 615 0$aJews$xPersecutions$xHistory 615 0$aHolocaust, Jewish (1935-1945) 615 0$aJustice, Administration of$xHistory 676 $a940.531814 700 $aRaim$b Edith$0856720 801 0$bMiAaPQ 801 1$bMiAaPQ 801 2$bMiAaPQ 906 $aBOOK 912 $a9910825415603321 996 $aNazi Crimes against Jews and German post-war justice$93996508 997 $aUNINA